Private Philanthropy for Development
Gespeichert in:
| Format: | Buch |
|---|---|
| Sprache: | Englisch |
| Veröffentlicht: |
Paris
OECD
2018
|
| Schriftenreihe: | <The> Development Dimension
|
| Schlagworte: | |
| Tags: |
Keine Tags, Fügen Sie das erste Tag hinzu!
|
MARC
| LEADER | 00000nam$a2200000$$$4500 | ||
|---|---|---|---|
| 001 | 0252228 | ||
| 005 | 20221220065820.4 | ||
| 020 | |a 978-92-64-08517-6 | ||
| 041 | 0 | |a eng | |
| 044 | |a FR | ||
| 245 | 1 | 0 | |a Private Philanthropy for Development |
| 264 | 1 | |a Paris |b OECD |c 2018 | |
| 300 | |a 132 s. | ||
| 490 | 1 | |a <The> Development Dimension | |
| 830 | 0 | |a <The> Development Dimension | |
| 610 | 2 | 0 | |a filantropia |
| 610 | 2 | 0 | |a pomoc sociálna |
| 610 | 2 | 0 | |a metodológia |
| 610 | 2 | 0 | |a pojmy |
| 610 | 2 | 0 | |a definície |
| 610 | 2 | 0 | |a politika |
| 610 | 2 | 0 | |a nadácie |
| 610 | 2 | 0 | |a inovácia |
| 610 | 2 | 0 | |a partnerstvo verejno-súkromné |
| 610 | 2 | 0 | |a porovnanie štatistické medzinárodné |